| 000 | 00727nam a22002057a 4500 | ||
|---|---|---|---|
| 999 |
_c4601 _d4601 |
||
| 003 | AR-CdUCM | ||
| 008 | 190311b ||||| |||| 00| 0 spa d | ||
| 040 |
_aMUNICIPALIDAD PROVINCIAL DEL CUSCO _cBIBLIOTECA MUNICIPAL DEL CUSCO |
||
| 082 |
_a869.56 / _bR71 |
||
| 100 |
_aRobles Hora, Emilio Ulises _914362 |
||
| 245 | _aTorbellino dorado | ||
| 260 |
_aLima : _bLumen, _c1990. |
||
| 300 |
_a72 paginas ; _c20 cm. |
||
| 505 | _aContenido : Piloto del tiempo -- Al eterno viajero del tiempo -- Evolución -- Inutilidad de los "ovnis" -- España olvidadiza ... | ||
| 650 |
_aLiteratura peruana _97175 |
||
| 650 |
_aLiteratura latinoamericana _91143 |
||
| 650 |
_aLiteratura universal _9611 |
||
| 942 |
_2ddc _cLIBROS |
||
| 945 | _arah | ||